000 00654nam a22002057a 4500
005 20240530110928.0
008 220214s1999 ua g 000 p ara d
017 _bمصر. دار الكتب
_a99/11601
020 _a9770164038
040 _aEG-CaGPL
_cEG-CaGPL
082 0 4 _221
_a811.01\
_bب ى
100 0 _aبريتى خليل
245 1 0 _aيوميات من زمن رومانسى /
_cبريتى خليل
250 _aط. 1
260 _aالقاهرة :
_bالهيئة المصرية العامة للكتاب،
_c1999
300 _a202 ص. ؛
_c20 سم.
650 0 7 _2qrmak
_aالشعر العربى
651 _2qrmak
942 _2ddc
_cBK
999 _c66604
_d66604